Labyrint klamstiev
Čerstvo povýšeného inšpektora Henryho Forda povolajú vyšetrovať dvojitú vraždu. Ford tuší, že za všetkým stojí sériový vrah. Z vlastnej skúsenosti dobre vie, ako po sebe zločinci zahladzujú stopy. Pred rokmi prišiel o manželku pri horolezeckej nehode, ktorú sám spôsobil. Ponurú pravdu tají pred svoj...
| Main Author: | |
|---|---|
| Other Authors: | |
| Format: | CD Audio |
| Language: | Slovak English |
| PhysicalDescription: | 1 elektronický optický disk (CD-ROM) digitálny, mono, MP3 12cm |
| Published: |
Levoča
Slovenská knižnica pre nevidiacich Mateja Hrebendu
2024
|
| ISBN: | 9788018121993 |
| Subjects: |
MARC
| LEADER | 00000nim a2200000 a 4500 | ||
|---|---|---|---|
| 001 | vtls012262405 | ||
| 003 | SK-MaSNL | ||
| 005 | 20260302025827.0 | ||
| 007 | sd fsngnnmmnud | ||
| 008 | 240819s2024 xo nnnnfs f n slo | ||
| 015 | |a SNBJ2025 | ||
| 020 | |a 9788018121993 |q (zvuková kniha) | ||
| 040 | |a SNK |b slo |c SNK |e AACR2 | ||
| 041 | 1 | |a slo |h eng | |
| 044 | |a xo |c SK | ||
| 072 | 7 | |a 821.111-3 |x Anglická próza, anglicky písaná |2 konspekt | |
| 080 | |a 821.111-31 |2 2011 | ||
| 080 | |a (0:82-312.4) |2 2011 | ||
| 080 | |a (086.76) |2 2001 | ||
| 100 | 1 | |a Maslen, Andy |4 aut |9 331089 | |
| 245 | 1 | 0 | |a Labyrint klamstiev |h elektronický zdroj |c Andy Maslen ; číta: Kristián Michal Hnát |
| 260 | |a Levoča |b Slovenská knižnica pre nevidiacich Mateja Hrebendu |c 2024 | ||
| 300 | |a 1 elektronický optický disk (CD-ROM) |b digitálny, mono, MP3 |c 12cm | ||
| 306 | |a 120100 | ||
| 520 | 8 | |a Čerstvo povýšeného inšpektora Henryho Forda povolajú vyšetrovať dvojitú vraždu. Ford tuší, že za všetkým stojí sériový vrah. Z vlastnej skúsenosti dobre vie, ako po sebe zločinci zahladzujú stopy. Pred rokmi prišiel o manželku pri horolezeckej nehode, ktorú sám spôsobil. Ponurú pravdu tají pred svojím synom i novou partnerkou, s ktorou pracuje na prípade. | |
| 521 | |a pre nevidiacich, slabozrakých a inak zdravotne postihnutých | ||
| 655 | 7 | |a zvukové záznamy |2 SNKPH |9 70720 | |
| 655 | 7 | |a anglické romány |2 SNKPH |9 70428 | |
| 655 | 7 | |a detektívne romány |2 SNKPH |9 70455 | |
| 655 | 7 | |a CD-ROM |2 SNKPH |9 70236 | |
| 700 | 1 | |a Hnát, Kristián Michal |4 nrt |9 302735 | |
| 752 | |a Slovensko |d Levoča | ||
| 787 | 0 | 8 | |i Podľa knihy: |t Labyrint klamstiev |d Bratislava : Lindeni v spoločnosti Albatros Media Slovakia, s. r. o., 2024 |z 978-80-566-3781-4 |
| 919 | |a 978-80-18-12199-3 | ||
| 999 | |c 1045467 |d 1047397 | ||
| 952 | |a SNK |b SNK |y NEVYP |7 1 |p 17A1579466 |o snkSCD 7446 |i snk2025/15200 |8 0 |0 0 |1 0 |4 0 |d 2025-09-26 |l 0 |r 2026-02-24 14:37:49 |w 2026-02-24 | ||


